Livestock Industry;Contributions of the Nigerian Society for Animal production,1973-2023 (Record no. 2138)

MARC details
000 -LEADER
fixed length control field 00412nam a22001337a 4500
008 - FIXED-LENGTH DATA ELEMENTS--GENERAL INFORMATION
fixed length control field 250306b |||||||| |||| 00| 0 eng d
020 ## - INTERNATIONAL STANDARD BOOK NUMBER
ISBN 9785995855
100 ## - MAIN ENTRY--AUTHOR
Author Adesehinwa A.O.K
245 ## - TITLE STATEMENT
Title Livestock Industry;Contributions of the Nigerian Society for Animal production,1973-2023
260 ## - PUBLICATION, DISTRIBUTION, ETC. (IMPRINT)
Place of publication Zaria
Name of publisher Nigerian Society for Animal Production
Date of publication 2023
300 ## - COLLATION
Pagination xii,656p
942 ## - ADDED ENTRY ELEMENTS (KOHA)
Item type Books
050 ## - LIBRARY OF CONGRESS CALL NUMBER
Classification number HD1401
Item number .L58
Holdings
Source of classification or shelving scheme Not for loan Permanent location Current location Date acquired Accession No. Full call number Barcode. Koha item type
Library of Congress Classification   Samuel Ogbemudia Main Library, University of Abuja Samuel Ogbemudia Main Library, University of Abuja 03/06/2025 2024/63329 HD1401.L58 2025-0345 Books